| 000 | 00925nam a22001817a 4500 | ||
|---|---|---|---|
| 008 | 120918t xxu||||| |||| 00| 0 eng d | ||
| 020 | _a0415081807 | ||
| 050 | _aHC800.T37 | ||
| 100 | _aTarp, Finn. | ||
| 245 |
_aStabilization and structural adjustment: Macroeconomic frameworks for analysing the crisis in sub-saharan Africa. / _cFinn Tarp |
||
| 260 |
_aLondon: _bRoutledge. _c1993. |
||
| 300 |
_axvi, 212 p: _c20cm. |
||
| 500 | _aIncludes index | ||
| 505 | _aContents: Introduction -- Macroeconomics of Africa -- Macroeconomic consistency and adjustment policies -- Financial programming and stabilization -- Growth programming and adjustment -- Growth-oriented adjustment - an IMF/world bank synthesis -- Alternative approach and perspectives -- Conclusions. | ||
| 650 | _aEconomic stabilization -- Africa, Sub-Saharan. | ||
| 650 | _aStructural adjustment (Economic policy) -- Africa, Sub-Saharan. | ||
| 942 |
_2lcc _cBK |
||
| 999 |
_c2353 _d9853 |
||